LEADER 01338nam a2200289 u 4500 001 000000013757 003 CaOOAMICUS 005 20070226105703.0 008 941125m19701971gw bd u000 u ger u 035 $a10327320 040 $aEFR$bita$dPUL(R) 100 1 $aHaverkamp, Alfred,$d1937-$0(OLS)http://pul/name/12890 245 10$aHerrschaftsformen der Frühstaufer in Reichsitalien /$cvon Alfred Haverkamp. 260 $aStuttgart :$bHieraemann,$c1970-1971. 300 $a2 v., p. de pl. :$bcartes dépl., graph. ;$c25 cm 490 1 $aMonographien zur Geschichte des Mittelalters ;$vBd. 1/1-2 500 $aIndex: p. 753-813. 504 $aBibliographie en note. 830 0$aMonographien zur Geschichte des Mittelalters ;$vBd. 1/1-2.$0(OLS)http://pul/title/431 850 $aPUL 852 $aPUL$W1$xSL Filosofia 1$y2$m104 H 1 (1-2)$j19336$nBK-PRI$b $qStampati$B19336$CPULBib$Z2$F19336 $H $81 852 $aPUL$W1$xSL Filosofia 1$y2$m104 H 1 (1-2)$j19336$nBK-PRI$b $qStampati$B19337$CPULBib$Z2$F19337 $H $81 941 1 $a8 961 $aINV: 33653-34356 961 $aINV: 33653-34356 996 $6245$aHerrschaftsformen der Frühstaufer in Reichsitalien$9(OLS)http://pul/title/19811 996 $6260$aStuttgart :$bHieraemann$9(OLS)http://pul/publisher/54139 LEADER 01252cam a22003017a 4500 001 000000146490 003 CaOOAMICUS 005 20151023135909.0 008 151014s1991 it b 000 0bita d 020 $a8816302054 032 $aLibriCat 040 $aMH$bund$cMH$dCStRLIN$dDLC 100 1 $aSoldi, Primo.$0(OLS)http://pul/name/93722 245 10$aVerso l'assoluto :$bPier Giorgio Frassati /$cPrimo Soldi ; presentazione di Paul Joseph Cordes. 260 $aMilano :$bJaca Book,$c1991.. 300 $a114 p.$c23 cm 490 0 $aGià e non ancora ;$v205 504 $aBibliografia p. 113-114. 600 14$aFrassati, Pier Giorgio,$cb.,$d1901-1925.$0(OLS)http://pul/subject/15092 700 1 $aCordes, Paul Josef,$cVesc.,$d1934-$0(OLS)http://pul/name/21988 830 0$aGià e non ancora ;$v205.$0(OLS)http://pul/title/129 850 $aPUL 852 $aPUL$W1$xDP1 Religione 1$y20$m639 B 40$j169416$qStampati$B170189$CPULBib$Z2$F170189 $H66098 $81 941 1 $a8 996 $6020$a8816302054$9(OLS)http://pul/number/158839 996 $6245$aVerso l'assoluto :$bPier Giorgio Frassati$9(OLS)http://pul/title/185129 996 $6260$aMilano :$bJaca Book$9(OLS)http://pul/publisher/47900